Le moyen age espagnol

Gespeichert in:
Bibliographische Detailangaben
1. Verfasser: Clare, Lucien et al
Format: Buch
Sprache:Undetermined
Veröffentlicht: París, Francia Armand Colin 1972
Schlagworte:
Tags: Tag hinzufügen
Keine Tags, Fügen Sie den ersten Tag hinzu!

MARC

LEADER 00000nam a2200000Ia 4500
008 170316s9999 xx 000 0 und d
040 |a cru BVZT 
090 |a 862 C-42m 
100 |a Clare, Lucien et al. 
245 |a Le moyen age espagnol 
260 |a París, Francia 
260 |b Armand Colin 
260 |c 1972 
300 |a 322 páginas 
650 |a LITERATURA ESPAÑOLA 
999 |c 9757  |d 9757 
942 |c 15 D  |h 862 C-42m  |2 z